[Event "FISU World University (Women)"]
[Site "Entebbe"]
[Date "2024.06.26"]
[Round "3"]
[White "Wijesuriya, GPY"]
[Black "Tshepiso, Smith"]
[Result "1-0"]
[WhiteElo "1833"]
[BlackElo "1500"]
[PlyCount "97"]
[EventDate "2024.06.25"]
[EventType "swiss"]
[EventRounds "9"]
[EventCountry "UGA"]
[SourceTitle "CBM 220 Extra"]
[Source "ChessBase"]
[SourceDate "2024.07.31"]
[SourceVersion "1"]
[SourceVersionDate "2024.07.31"]
[SourceQuality "1"]

1. e4 d6 2. d4 Nf6 3. Nc3 c6 4. Bd3 Qc7 5. f3 e5 6. Nge2 Be7 7. Be3 0-0 8. 0-0 Nbd7 9. Ng3 Nb6 10. Be2 Be6 11. b3 Rad8 12. f4 exd4 13. Bxd4 c5 14. Bf2 a6 15. f5 Bc8 16. Be3 d5 17. Bf4 Bd6 18. Bxd6 Qxd6 19. Kh1 Qe5 20. Nxd5 Nxe4 21. Nxe4 Qxe4 22. Bf3 Qe5 23. Re1 Qd6 24. Ne7+ Kh8 25. Qxd6 Rxd6 26. Nxc8 Nxc8 27. Bxb7 g6 28. fxg6 fxg6 29. Bf3 Nb6 30. Rad1 Rfd8 31. Rxd6 Rxd6 32. Kg1 c4 33. Kf2 cxb3 34. axb3 Rd2+ 35. Re2 Rxe2+ 36. Kxe2 a5 37. Bc6 Kg7 38. Kd3 Nc8 39. Kc4 Kf6 40. Kb5 Na7+ 41. Kb6 Nxc6 42. Kxc6 Ke5 43. Kb5 Kd4 44. c4 h5 45. c5 Kd5 46. c6 Kd6 47. Kb6 g5 48. c7 Kd7 49. Kb7 1-0